50 Flicks to Click (1998) Quiz Stats

Quiz Updated Jul 19, 2014

Challenge
Share
Tweet
Embed
Score 0/50 Timer 05:00
10 Plays Today
% Correct
Saving
96.5%
About
96.2%
Trek
95.7%
Mask
94.8%
Show
94.5%
Line
94.5%
Zorro
93.7%
Lebowski
93.6%
Wedding
93.5%
Parent
93.5%
Mail
93.4%
Horse
92.8%
Files
92.6%
Bug's
92%
Meet
91.8%
Lost
90.9%
Enemy
90.6%
Loathing
89.9%
Expectations
89.2%
Groove
89.1%
Rush
88.6%
American
88.2%
Prince
87.7%
Angels
87.4%
Shakespeare
86.6%
% Correct
Patch
86.3%
Smoking
86.1%
Object
85.4%
Impact
83.7%
Roxbury
83.6%
Marshals
83.2%
Colors
82.9%
Cinderella
81.9%
Hope
81.5%
Hardly
80.7%
Game
79.5%
Lola
77.3%
Simple
76.3%
Magic
75.4%
Dreams
75.1%
Sight
74.5%
Halloween
71.2%
Wild
70.1%
Monsters
70.1%
Sex
66.3%
Small
66%
Killers
64.5%
Pupil
52%
City
51.5%
Goldmine
44.7%

You're not logged in!

Compare scores with friends on all Sporcle quizzes.
Sign Up with Email
OR
Log In

You Might Also Like...

Show Comments

Extras

Top Quizzes Today


Score Distribution

Your Account Isn't Verified!

In order to create a playlist on Sporcle, you need to verify the email address you used during registration. Go to your Sporcle Settings to finish the process.